Every 1,000,000+ City by First Two Letters - Statistics

General Stats
  • This quiz has been taken 639 times
  • The average score is 460 of 603
Answers on the Map
Answers color-coded by a green-red scale on the quiz's map according to % correct below.
 
Answer Stats
city country Population % Correct
Bengaluru India 12,700,000
99%
Lome Togo 2,175,000
99%
London United Kingdom 14,800,000
99%
Los Angeles United States 17,600,000
99%
Louisville United States 1,060,000
99%
Cologne / Dusseldorf Germany 5,000,000
98%
Ma'anshan China 1,210,000
98%
Maceio Brazil 1,120,000
98%
Madrid Spain 6,700,000
98%
Madurai India 1,820,000
98%
Maiduguri Nigeria 1,250,000
98%
Makassar Indonesia 1,920,000
98%
Malaga Spain 1,060,000
98%
Malang Indonesia 1,760,000
98%
Managua Nicaragua 1,350,000
98%
Manama Bahrain 1,570,000
98%
Manaus Brazil 2,250,000
98%
Manchester United Kingdom 3,075,000
98%
Mandalay Myanmar 1,600,000
98%
Manila Philippines 26,300,000
98%
Mannheim Germany 1,580,000
98%
Maoming China 1,470,000
98%
Maputo Mozambique 2,350,000
98%
Maracaibo Venezuela 2,675,000
98%
Maracay Venezuela 1,430,000
98%
Marrakesh Morocco 1,130,000
98%
Marseille France 1,680,000
98%
Mashhad Iran 3,250,000
98%
Mogadishu Somalia 2,000,000
98%
Mombasa Kenya 1,250,000
98%
Monrovia Liberia 1,650,000
98%
Monterrey Mexico 5,600,000
98%
Montevideo Uruguay 1,870,000
98%
Montreal Canada 4,325,000
98%
Moradabad India 1,300,000
98%
Moscow Russia 17,400,000
98%
Mosul Iraq 1,430,000
98%
Palembang Indonesia 1,740,000
98%
Panama City Panama 1,560,000
98%
Panjin China 1,050,000
98%
Paris France 11,400,000
98%
Patna India 2,725,000
98%
San Miguel de Tucumán Argentina 1,030,000
98%
Baghdad Iraq 7,150,000
97%
Baku Azerbaijan 2,625,000
97%
Bamako Mali 3,675,000
97%
Bandar Lampung Indonesia 1,220,000
97%
Bandung Indonesia 7,050,000
97%
Bangkok Thailand 19,400,000
97%
Bangui CAR 1,230,000
97%
Banjul Gambia 1,010,000
97%
Baoding China 2,150,000
97%
Baoji China 1,240,000
97%
Baotou China 2,250,000
97%
Barcelona Spain 4,875,000
97%
Bareilly India 1,350,000
97%
Barquisimeto Venezuela 1,310,000
97%
Barranquilla Colombia 2,150,000
97%
Basra Iraq 1,560,000
97%
Batam Indonesia 1,450,000
97%
Beijing China 20,000,000
97%
Beirut Lebanon 1,790,000
97%
Belem Brazil 2,250,000
97%
Belgrade Serbia 1,430,000
97%
Belo Horizonte Brazil 5,050,000
97%
Bengbu China 1,600,000
97%
Benguela Angola 1,280,000
97%
Benin City Nigeria 1,700,000
97%
Benxi China 1,110,000
97%
Berlin Germany 4,750,000
97%
Cairo Egypt 21,500,000
97%
Calgary Canada 1,520,000
97%
Cali Colombia 2,900,000
97%
Campinas Brazil 3,250,000
97%
Cangnan China 1,120,000
97%
Cape Coral United States 1,130,000
97%
Cape Town South Africa 4,300,000
97%
Caracas Venezuela 3,775,000
97%
Cartagena Colombia 1,150,000
97%
Casablanca Morocco 4,550,000
97%
Sacramento United States 2,100,000
97%
Saharanpur India 1,020,000
97%
Saint Louis United States 2,350,000
97%
Saint Petersburg Russia 5,650,000
97%
Salem India 1,140,000
97%
Saltillo Mexico 1,040,000
97%
Salt Lake City United States 2,525,000
97%
Salvador Brazil 3,625,000
97%
Samara Russia 1,300,000
97%
Sana'a Yemen 2,900,000
97%
San Antonio United States 2,250,000
97%
San Diego United States 3,325,000
97%
San Francisco United States 7,750,000
97%
San Jose Costa Rica 2,375,000
97%
San Juan United States 1,920,000
97%
San Luis Potosi Mexico 1,310,000
97%
San Pedro Sula Honduras 1,230,000
97%
San Salvador El Salvador 1,880,000
97%
Santa Cruz Bolivia 2,175,000
97%
Santiago Chile 7,800,000
97%
Santo Domingo Dominican Republic 4,000,000
97%
Santos Brazil 1,760,000
97%
São Luis Brazil 1,450,000
97%
São Paulo Brazil 22,600,000
97%
Sapporo Japan 2,500,000
97%
Saratov Russia 1,080,000
97%
Mecca Saudi Arabia 2,200,000
96%
Medan Indonesia 4,075,000
96%
Medellin Colombia 4,100,000
96%
Medina Saudi Arabia 1,590,000
96%
Meerut India 1,780,000
96%
Melbourne Australia 5,050,000
96%
Melbourne United States 1,220,000
96%
Memphis United States 1,160,000
96%
Mendoza Argentina 1,110,000
96%
Merida Mexico 1,260,000
96%
Mersin Turkey 1,010,000
96%
Mexico City Mexico 24,500,000
96%
Seattle United States 4,475,000
96%
Semarang Indonesia 2,275,000
96%
Sendai Japan 1,500,000
96%
Seoul South Korea 25,000,000
96%
Serang Indonesia 1,170,000
96%
Seville Spain 1,300,000
96%
Tokyo Japan 40,500,000
96%
Toluca Mexico 2,550,000
96%
Toronto Canada 7,650,000
96%
Torreon Mexico 1,370,000
96%
Touba Senegal 1,110,000
96%
Toulouse France 1,080,000
96%
Lianyungang China 1,180,000
95%
Lille France 1,300,000
95%
Lilongwe Malawi 1,090,000
95%
Lima Peru 11,100,000
95%
Linyi China 2,125,000
95%
Lisbon Portugal 2,500,000
95%
Liuzhou China 2,050,000
95%
Liverpool United Kingdom 1,880,000
95%
Newcastle United Kingdom 1,490,000
95%
New Orleans United States 1,010,000
95%
New York United States 21,800,000
95%
Bucaramanga Colombia 1,280,000
94%
Bucharest Romania 2,200,000
94%
Budapest Hungary 2,625,000
94%
Buenos Aires Argentina 16,600,000
94%
Buffalo United States 1,350,000
94%
Bursa Turkey 2,125,000
94%
Busan South Korea 4,075,000
94%
Delhi India 31,300,000
94%
Denpasar Indonesia 1,580,000
94%
Denver United States 3,800,000
94%
Detroit United States 5,750,000
94%
Miami United States 6,350,000
94%
Mianyang China 1,290,000
94%
Milan Italy 6,150,000
94%
Milwaukee United States 1,550,000
94%
Minneapolis United States 3,200,000
94%
Minsk Belarus 2,050,000
94%
Bogotá Colombia 9,800,000
93%
Bordeaux France 1,100,000
93%
Boston United States 7,700,000
93%
Rawalpindi / Islamabad Pakistan 3,550,000
93%
Richmond United States 1,080,000
93%
Rio de Janeiro Brazil 13,300,000
93%
Riyadh Saudi Arabia 8,400,000
93%
Rizhao China 1,270,000
93%
Chandigarh India 2,425,000
92%
Changchun China 3,750,000
92%
Changde China 1,200,000
92%
Changsha China 5,050,000
92%
Changshu China 1,060,000
92%
Changwon South Korea 1,030,000
92%
Changzhi China 1,070,000
92%
Charlotte United States 2,500,000
92%
Chelyabinsk Russia 1,400,000
92%
Chengdu China 10,000,000
92%
Chennai India 11,600,000
92%
Cheongju South Korea 1,000,000
92%
Chicago United States 9,650,000
92%
Chifeng China 1,150,000
92%
Chihuahua Mexico 1,010,000
92%
Chittagong Bangladesh 5,000,000
92%
Chonburi Thailand 1,400,000
92%
Chongqing China 8,400,000
92%
Daegu South Korea 2,725,000
92%
Daejeon South Korea 1,520,000
92%
Dakar Senegal 3,925,000
92%
Dalian China 4,625,000
92%
Dallas United States 7,300,000
92%
Damascus Syria 3,900,000
92%
Dammam Saudi Arabia 2,575,000
92%
Da Nang Vietnam 1,210,000
92%
Daqing China 1,650,000
92%
Dar es Salaam Tanzania 6,450,000
92%
Datong China 1,680,000
92%
Davao Philippines 1,600,000
92%
Lagos Nigeria 20,100,000
92%
Lahore Pakistan 13,500,000
92%
Lanzhou China 2,925,000
92%
La Paz Bolivia 2,125,000
92%
Las Vegas United States 2,300,000
92%
Pointe-Noire Congo 1,220,000
92%
Port-au-Prince Haiti 3,325,000
92%
Port Elizabeth South Africa 1,380,000
92%
Port Harcourt Nigeria 2,425,000
92%
Portland United States 2,450,000
92%
Porto Portugal 1,550,000
92%
Porto Alegre Brazil 4,150,000
92%
Haikou China 1,900,000
91%
Hamamatsu Japan 1,310,000
91%
Hamburg Germany 2,875,000
91%
Handan China 1,730,000
91%
Hangzhou China 8,600,000
91%
Hanoi Vietnam 4,025,000
91%
Hanover Germany 1,150,000
91%
Harare Zimbabwe 2,075,000
91%
Harbin China 5,150,000
91%
Harrisburg United States 1,340,000
91%
Hartford United States 1,690,000
91%
Havana Cuba 2,225,000
91%
Ho Chi Minh City Vietnam 10,600,000
91%
Hohhot China 1,920,000
91%
Hong Kong China 7,550,000
91%
Houston United States 6,800,000
91%
Angeles Philippines 1,520,000
90%
Ankara Turkey 5,150,000
90%
Anshan China 2,650,000
90%
Antalya Turkey 1,340,000
90%
Antananarivo Madagascar 2,750,000
90%
Antwerp Belgium 1,230,000
90%
Anyang China 1,750,000
90%
Kabul Afghanistan 4,475,000
90%
Kaduna Nigeria 1,940,000
90%
Kaifeng China 1,150,000
90%
Kampala Uganda 3,675,000
90%
Kananga DRC 1,210,000
90%
Kano Nigeria 4,850,000
90%
Kanpur India 3,500,000
90%
Kansas City United States 2,000,000
90%
Kaohsiung Taiwan 2,775,000
90%
Karachi Pakistan 18,200,000
90%
Karawang Indonesia 1,220,000
90%
Kathmandu Nepal 3,200,000
90%
Katowice Poland 2,325,000
90%
Kayseri Turkey 1,110,000
90%
Kazan Russia 1,260,000
90%
Nagoya Japan 10,500,000
90%
Nagpur India 3,325,000
90%
Naha Japan 1,210,000
90%
Nairobi Kenya 6,100,000
90%
Nanchang China 3,975,000
90%
Nanchong China 1,240,000
90%
Nanjing China 6,700,000
90%
Nanning China 3,575,000
90%
Nantong China 2,050,000
90%
Nanyang China 1,300,000
90%
Naples Italy 4,150,000
90%
Nashik India 2,150,000
90%
Nashville United States 1,500,000
90%
Natal Brazil 1,430,000
90%
Cochabamba Bolivia 1,360,000
89%
Coimbatore India 2,775,000
89%
Colombo Sri Lanka 4,825,000
89%
Columbus United States 1,770,000
89%
Conakry Guinea 2,600,000
89%
Copenhagen Denmark 1,690,000
89%
Cordoba Argentina 1,680,000
89%
Cotonou Benin 1,890,000
89%
Dubai UAE 5,700,000
89%
Dublin Ireland 1,400,000
89%
Durban South Africa 3,475,000
89%
Dushanbe Tajikistan 1,030,000
89%
Multan Pakistan 2,150,000
89%
Mumbai India 25,600,000
89%
Munich Germany 2,275,000
89%
Muscat Oman 1,330,000
89%
Guadalajara Mexico 5,550,000
88%
Guangzhou China 47,600,000
88%
Guatemala City Guatemala 3,200,000
88%
Guayaquil Ecuador 3,200,000
88%
Guilin China 1,630,000
88%
Guiyang China 3,400,000
88%
Gujranwala Pakistan 2,875,000
88%
Guwahati India 1,160,000
88%
Jabalpur India 1,510,000
88%
Jacksonville United States 1,470,000
88%
Jaipur India 4,050,000
88%
Jakarta Indonesia 32,100,000
88%
Jalandhar India 1,140,000
88%
Jamshedpur India 1,700,000
88%
Wanzhou China 1,170,000
88%
Warri Nigeria 1,030,000
88%
Warsaw Poland 2,350,000
88%
Washington United States 8,550,000
88%
Kiev Ukraine 3,475,000
87%
Kigali Rwanda 1,230,000
87%
Kinshasa DRC 13,900,000
87%
Kirkuk Iraq 1,050,000
87%
Kisangani DRC 1,150,000
87%
Kitakyushu Japan 2,000,000
87%
Aleppo Syria 1,940,000
86%
Alexandria Egypt 5,950,000
86%
Algiers Algeria 4,025,000
86%
Aligarh India 1,280,000
86%
Allahabad India 1,490,000
86%
Almaty Kazakhstan 2,175,000
86%
Athens Greece 3,500,000
86%
Atlanta United States 5,900,000
86%
Brasilia Brazil 4,050,000
86%
Brazzaville Congo 2,350,000
86%
Bremen Germany 1,000,000
86%
Brisbane Australia 3,225,000
86%
Brussels Belgium 2,725,000
86%
Tabriz Iran 1,850,000
86%
Tai'an China 1,490,000
86%
Taichung Taiwan 2,425,000
86%
Tainan Taiwan 1,310,000
86%
Taipei Taiwan 9,150,000
86%
Taiyuan China 4,175,000
86%
Taizhou China 2,350,000
86%
Tampa United States 4,475,000
86%
Tangier Morocco 1,140,000
86%
Tangshan China 2,975,000
86%
Tashkent Uzbekistan 3,300,000
86%
Rome Italy 3,500,000
84%
Rosario Argentina 1,380,000
84%
Rostov Russia 1,300,000
84%
Rotterdam Netherlands 3,275,000
84%
Tegucigalpa Honduras 1,170,000
84%
Tehran Iran 15,500,000
84%
Tel Aviv Israel 2,725,000
84%
Tengzhou China 1,090,000
84%
Teresina Brazil 1,040,000
84%
Isfahan Iran 3,250,000
83%
Istanbul Turkey 16,200,000
83%
João Pessoa Brazil 1,140,000
83%
Jodhpur India 1,520,000
83%
Johannesburg South Africa 14,200,000
83%
Jos Nigeria 1,050,000
83%
Adana Turkey 1,750,000
82%
Addis Ababa Ethiopia 3,900,000
82%
Adelaide Australia 1,360,000
82%
Vadodara India 2,250,000
82%
Valencia Venezuela 2,025,000
82%
Valencia Spain 1,870,000
82%
Valparaiso Chile 1,030,000
82%
Vancouver Canada 2,900,000
82%
Varanasi India 1,970,000
82%
Lu'an China 1,000,000
80%
Luanda Angola 8,450,000
80%
Lubumbashi DRC 2,450,000
80%
Lucknow India 3,800,000
80%
Ludhiana India 2,000,000
80%
Luoyang China 2,650,000
80%
Lusaka Zambia 2,800,000
80%
Luzhou China 1,160,000
80%
Pekanbaru Indonesia 1,250,000
80%
Perm Russia 1,110,000
80%
Perth Australia 2,075,000
80%
Peshawar Pakistan 2,425,000
80%
Shanghai China 34,100,000
80%
Shangqiu China 1,030,000
80%
Shantou China 7,750,000
80%
Sheffield United Kingdom 1,570,000
80%
Shenyang China 8,100,000
80%
Shijiazhuang China 4,800,000
80%
Shiraz Iran 1,800,000
80%
Shizuoka Japan 1,130,000
80%
Shuyang China 1,010,000
80%
Shymkent Kazakhstan 1,070,000
80%
Tucson United States 1,000,000
80%
Tunis Tunisia 2,725,000
80%
Turin Italy 1,610,000
80%
Osaka Japan 17,700,000
78%
Oslo Norway 1,210,000
78%
Aba Nigeria 1,180,000
77%
Abidjan Ivory Coast 5,750,000
77%
Abu Dhabi UAE 1,580,000
77%
Abuja Nigeria 3,725,000
77%
Auckland New Zealand 1,490,000
77%
Aurangabad India 1,850,000
77%
Austin United States 2,000,000
77%
Stockholm Sweden 2,250,000
77%
Stockton United States 1,290,000
77%
Stuttgart Germany 2,400,000
77%
Kuala Lumpur Malaysia 9,150,000
76%
Kumamoto Japan 1,150,000
76%
Kumasi Ghana 3,075,000
76%
Kunming China 4,325,000
76%
Kuwait City Kuwait 4,500,000
76%
Amman Jordan 5,700,000
75%
Amritsar India 1,430,000
75%
Amsterdam Netherlands 2,500,000
75%
Birmingham United Kingdom 3,150,000
75%
Bishkek Kyrgyzstan 1,120,000
75%
Philadelphia United States 7,350,000
74%
Phnom Penh Cambodia 2,575,000
74%
Phoenix United States 4,800,000
74%
Rabat Morocco 2,075,000
74%
Rajkot India 1,950,000
74%
Raleigh United States 1,690,000
74%
Ranchi India 1,470,000
74%
Hechuan China 1,040,000
72%
Hefei China 5,100,000
72%
Helsinki Finland 1,320,000
72%
Hengyang China 1,720,000
72%
Doha Qatar 2,300,000
71%
Donetsk Ukraine 1,440,000
71%
Douala Cameroon 3,450,000
71%
Kochi India 1,610,000
71%
Kolkata India 17,000,000
71%
Konya Turkey 1,330,000
71%
Kota India 1,420,000
71%
Kozhikode India 1,030,000
71%
Nottingham United Kingdom 1,380,000
70%
Nouakchott Mauritania 1,310,000
70%
Novosibirsk Russia 1,700,000
70%
Queretaro Mexico 1,540,000
70%
Quetta Pakistan 1,180,000
70%
Quito Ecuador 2,775,000
70%
Siliguri India 1,050,000
70%
Singapore Singapore 7,900,000
70%
Sydney Australia 5,400,000
70%
Vienna Austria 2,225,000
70%
Vijayawada India 2,075,000
70%
Virginia Beach United States 1,620,000
70%
Visakhapatnam India 2,250,000
70%
Vitoria Brazil 1,870,000
70%
Sofia Bulgaria 1,300,000
69%
Solapur India 1,100,000
69%
Sousse Tunisia 1,170,000
69%
Southampton United Kingdom 1,150,000
69%
Kharkiv Ukraine 1,630,000
68%
Khartoum Sudan 6,500,000
68%
Khulna Bangladesh 1,220,000
68%
Oran Algeria 1,510,000
67%
Orlando United States 3,500,000
67%
Tianjin China 13,200,000
67%
Tijuana Mexico 2,100,000
67%
Tiruchirappalli India 1,230,000
67%
Tiruppur India 1,450,000
67%
Asansol India 1,640,000
66%
Ashgabat Turkmenistan 1,440,000
66%
Asunción Paraguay 2,375,000
66%
Edmonton Canada 1,370,000
66%
Jeddah Saudi Arabia 5,150,000
66%
Jerusalem Israel 1,010,000
66%
Cincinnati United States 2,800,000
64%
Cirebon Indonesia 1,130,000
64%
Ciudad Juárez Mexico 1,560,000
64%
Cixi China 2,025,000
64%
Niamey Niger 1,350,000
64%
Ningbo China 3,325,000
64%
Nizhny Novgorod Russia 1,730,000
64%
Recife Brazil 3,850,000
63%
Suqian China 1,080,000
63%
Surabaya Indonesia 6,150,000
63%
Surakarta Indonesia 1,650,000
63%
Surat India 6,900,000
63%
Suzhou China 1,180,000
63%
Accra Ghana 5,200,000
60%
Leeds United Kingdom 2,150,000
60%
Leon Mexico 2,150,000
60%
Pingdingshan China 1,040,000
59%
Pingxiang China 1,060,000
59%
Pittsburgh United States 2,025,000
59%
Glasgow United Kingdom 1,690,000
58%
Wuhan China 9,250,000
57%
Wuhu China 1,530,000
57%
Puebla Mexico 4,025,000
56%
Pune India 7,100,000
56%
Putian China 1,410,000
56%
Puyang China 1,060,000
56%
Ahmedabad India 8,750,000
55%
Ahvaz Iran 1,410,000
55%
Dhaka Bangladesh 20,300,000
55%
Dhanbad India 1,400,000
55%
Prague Czech Republic 1,460,000
55%
Ganzhou China 1,560,000
54%
Gaza Palestine 2,025,000
54%
Gaziantep Turkey 1,700,000
54%
Yancheng China 1,460,000
54%
Yangon Myanmar 5,750,000
54%
Yangzhou China 1,990,000
54%
Yantai China 2,250,000
54%
Yaounde Cameroon 3,500,000
54%
Fes Morocco 1,290,000
53%
Fortaleza Brazil 3,725,000
53%
Frankfurt Germany 3,275,000
53%
Freetown Sierra Leone 1,860,000
53%
Xiamen China 10,200,000
53%
Xi'an China 7,100,000
53%
Xiangtan China 1,430,000
53%
Xiangyang China 1,940,000
53%
Xingtai China 1,580,000
53%
Xining China 1,500,000
53%
Xinxiang China 2,175,000
53%
Cúcuta Colombia 1,000,000
52%
Cuernavaca Mexico 1,170,000
52%
Curitiba Brazil 3,450,000
52%
Cebu Philippines 2,775,000
51%
Indianapolis United States 2,025,000
50%
Indore India 3,275,000
50%
El Paso United States 1,020,000
49%
Ottawa Canada 1,290,000
49%
Cleveland United States 3,050,000
48%
George Town Malaysia 2,175,000
48%
Hyderabad India 10,400,000
48%
Hyderabad Pakistan 2,325,000
48%
Lyon France 1,990,000
48%
Nuremberg Germany 1,200,000
48%
Nur-Sultan Kazakhstan 1,180,000
48%
Urumqi China 4,175,000
48%
Weifang China 2,050,000
48%
Weihai China 1,220,000
48%
Wenzhou China 5,400,000
48%
Tripoli Libya 1,290,000
47%
Yekaterinburg Russia 1,670,000
47%
Yerevan Armenia 1,500,000
47%
Goiania Brazil 2,450,000
46%
Hiroshima Japan 1,880,000
45%
Fukuoka Japan 2,750,000
44%
Fuyang China 1,270,000
44%
Fuzhou China 4,100,000
44%
Agadir Morocco 1,220,000
43%
Agra India 2,350,000
43%
Aguascalientes Mexico 1,150,000
43%
Ulaanbaatar Mongolia 1,430,000
43%
Ulsan South Korea 1,100,000
43%
Diyarbakır Turkey 1,060,000
41%
Huai'an China 2,025,000
41%
Huaibei China 1,570,000
41%
Huainan China 1,970,000
41%
Hubli India 1,160,000
41%
Huizhou China 2,875,000
41%
Volgograd Russia 1,400,000
41%
Voronezh Russia 1,060,000
41%
Zunyi China 1,280,000
41%
Zurich Switzerland 1,450,000
41%
Arequipa Peru 1,130,000
40%
Faisalabad Pakistan 3,750,000
40%
Izmir Turkey 3,050,000
37%
Jiangjin China 1,030,000
37%
Jiangyin China 2,525,000
37%
Jiaozuo China 1,500,000
37%
Jiaxing China 1,030,000
37%
Jilin China 1,550,000
37%
Jinan China 4,600,000
37%
Jingzhou China 1,250,000
37%
Jining China 1,270,000
37%
Jinzhou China 1,120,000
37%
Kermanshah Iran 1,040,000
37%
Ouagadougou Burkina Faso 2,650,000
36%
Okayama Japan 2,175,000
35%
Oklahoma City United States 1,160,000
35%
Florence Italy 1,000,000
34%
Florianópolis Brazil 1,010,000
34%
Pyongyang North Korea 2,975,000
34%
Odessa Ukraine 1,110,000
33%
Zaozhuang China 1,100,000
33%
Zaria Nigeria 1,030,000
33%
Yogyakarta Indonesia 1,970,000
32%
Omsk Russia 1,150,000
31%
Greensboro United States 1,130,000
29%
Qingdao China 6,250,000
29%
Qingyuan China 1,090,000
29%
Qinhuangdao China 1,370,000
29%
Qiqihar China 1,050,000
29%
Zibo China 3,600,000
29%
Zigong China 1,090,000
29%
Tbilisi Georgia 1,360,000
28%
N'Djamena Chad 1,610,000
27%
Bhilai India 2,975,000
25%
Bhopal India 2,475,000
25%
Bhubaneswar India 1,940,000
25%
Erbil Iraq 1,120,000
25%
Zhangjiakou China 1,530,000
24%
Zhanjiang China 1,340,000
24%
Zhengzhou China 5,100,000
24%
Zhenjiang China 1,170,000
24%
Zhuhai China 1,800,000
24%
Zhuzhou China 1,360,000
24%
Krasnoyarsk Russia 1,120,000
23%
Ibadan Nigeria 3,675,000
22%
Yueyang China 1,170,000
22%
Yibin China 1,060,000
21%
Yichang China 1,420,000
21%
Yinchuan China 1,480,000
21%
Yingkou China 1,030,000
21%
Yiwu China 1,700,000
21%
Qom Iran 1,320,000
20%
Dnipro Ukraine 1,380,000
19%
Enugu Nigeria 1,030,000
19%
Onitsha Nigeria 1,240,000
19%
Srinagar India 1,640,000
19%
Ufa Russia 1,130,000
18%
Xuzhou China 2,950,000
17%
Ilorin Nigeria 1,120,000
15%
McAllen United States 1,330,000
15%
Mysore India 1,250,000
15%
Mbuji-Mayi DRC 2,175,000
13%
Gwalior India 1,430,000
7%
Gwangju South Korea 1,600,000
7%
No matching quizzes found
Score Distribution
Percent of People with Each Score
Percentile by Number Answered
Your Score History
You have not taken this quiz